| 000 | 01222nam0a22003011 4500 | ||
|---|---|---|---|
| 001 | rc\445092 | ||
| 005 | 20250621085843.0 | ||
| 035 | _a(NLR Aleph) 005690592 | ||
| 090 |
_a7171626 _c7171626 |
||
| 100 | _a20030616d1988 |||y0rusy50 ca | ||
| 101 | 0 | _arus | |
| 102 | _aRU | ||
| 105 | _aa ||||||||| | ||
| 200 | 1 |
_aСказки армянских писателей _e[Сборник _eПер. с арм. _fСост. и предисл. С. Гуллакян _gХудож. В.Ц. Топчян] |
|
| 210 |
_aЕреван _cСоветакан грох _d1988 |
||
| 215 |
_a350, [1] с. _cил. _d21 |
||
| 327 | 1 | _aСодерж.: Авт.: Г. Агаян, О. Туманян, А. Исаакян, В. Папазян, С. Зорьян | |
| 464 | 0 |
_1700#1$aАгаян$bГ. _aАгаян, Г. |
|
| 464 | 0 |
_1700#1$aТуманян$bО. _aТуманян, О. |
|
| 464 | 0 |
_1700#1$aИсаакян$bА. _aИсаакян, А. |
|
| 464 | 0 |
_1700#1$aПапазян$bВ. _aПапазян, В. |
|
| 464 | 0 |
_1700#1$aЗорьян$bС. _aЗорьян, С. |
|
| 702 | 1 |
_aГуллакян _bС.А. _gСюзанна Арменовна _4220 |
|
| 801 | 0 |
_aRU _bNLR _gpsbo |
|
| 801 | 1 |
_aRU _bELAR _2rusmarc |
|
| 852 |
_aNLR _j89-3/464 |
||
| 942 | _cBOOK | ||
| 980 | _aNB | ||